000 00450nam a2200181Ia 4500
005 20250603145646.0
008 250603s9999 xx 000 0 und d
020 _a9789789541522
050 _aPN 4781 .P67/
100 _aPopoola, Muyiwa
245 0 _aReporting and newswriting: a professional handbook
260 _aIbadan
260 _bPrudent Impression Publishers
260 _c2016
300 _a161 p
650 _aIbadan
942 _cBK
999 _c42481
_d42481